000 00573nam a22002057a 4500
001 1834
005 20260213123005.0
020 _a9781423100621
040 _aFISKH
_beng
_cFISKH
_dFISKH
050 _aPZ7.D3916
082 _a741.5
100 _aDeMatteis, J.M.
245 _aThe road to inconceivable /
_cby J.M. DeMatteis drawings by Mike Ploog colors by Nick Bell
260 _aNew York :
_bHyperion Books,
_c2006
300 _a242, 5 unnumbered pages :
_c22 cm.
505 _aK
521 _a610
_bLexile estimate
521 _aK
_bRaz-Plus
942 _2ddc
_cBK
_n0
999 _c1834
_d1834